00566nam a2200169 a 4500008004100000020001500041050001600056100002300072245007100095250001200166260004400178300002300222350000900245500007600254650004000330650002600370120416s1988 ||||||||||||||||| || u a0566026155 aHF 5635 Han aCowe, Roger, 1951-10aHandbook of management accounting. (2nd ed.)cedited by Roger Cowe a2nd ed. aAldershot, Hants, England:bGowerc1988 axxvi, 468p. : ill. a0.00 a'In association with the Chartered Institute of Management Accountants. 0aACCOUNTING--HANDBOOKS, MANUALS, ETC 0aMANAGERIAL ACCOUNTING